01080nam a2200193 a 450000100100000000500170001000800410002704000250006808200170009311000520011024501240016226000400028630000290032650000430035550003410039804900090073995201210074899900170086900002391120200930022550.0110117s1999 enka r 000 0 eng d aDO-SdBNPbspacBNPHU axxxxxbT727s1 aTourism Planning and Research Associates94918310aStudy on hygiene and sanitation, safety and related facility and service standards required by european tour operators. aLondres :bBritish Training,c1999. av. p. :bil. ;c29.5 cm. aIncluye notas al pie de las páginas. aEn la portada: This report was financed by the European Union within the framework of the Regional Tourism Product Development Project of the caribbean Regional Tourism Sector programme. The views expressed are those of the consultants and do not necessarily reflect those of the Caribbean tourism organisation or of the European Union. aBNGR 001054708MOaGRbGRcCTd2011-01-17iLF1l0oxxxxx T727sp23911-10r2020-06-25w2020-06-25y4ZPréstamo en sala c23407d23407